000 00290nam a22001337a 4500
008 180914b xxu||||| |||| 00| 0 eng d
020 _a9780495014454
041 _aeng
080 _a510
100 _a37
101 _aMAT
245 _aEssentials Calculus
_cStewart.m
942 _2udc
_cBK
999 _c47767
_d47767